000 00490cam a2200193 4500
008 090401t1991 xxu||||| |||| 00| 0 eng d
020 _a0582066980
035 _a(Sirsi) u61647
041 _aeng
050 _a624.17
245 _aMaterials and structures
250 _a2nd ed.
260 _aHarlow
_bLongman Scientific and Technical
_c1991
300 _axii,402p. : ill. ; 22cm.,
350 _a14.99
650 _aBUILDING MATERIALS/ STRESS/
942 _n0
948 _c04/03/1997
999 _c94330
_d94330